Normal view
MARC view
- قدرات عقلية
Entry Topical Term
001 - CONTROL NUMBER
- control field: 38352
003 - CONTROL NUMBER IDENTIFIER
- control field: JO-AjAnu
005 - DATE AND TIME OF LATEST TRANSACTION
- control field: 20230606080404.0
008 - FIXED-LENGTH DATA ELEMENTS
- fixed length control field: 230606|| aca||aabn | a|a d
040 ## - CATALOGING SOURCE
- Original cataloging agency: JO-AjAnu
- Transcribing agency: JO-AjAnu
150 ## - HEADING--TOPICAL TERM
- Topical term or geographic name entry element: قدرات عقلية
670 ## - SOURCE DATA FOUND
- Source citation: Work cat.: (JO-AjAnu)19673: خير الله، سيد محمد ؛ زيدان،محمد مصطفى ، شوكت،محمود حامد مراجعة وتقديم, author 38351, القدرات و مقاييسها